000 00563nam a2200205 a 4500
001 17275
003 CO-ViMGA
008 141112s2004 ck r 000 u spa d
020 _a8424177258
040 _aCO-ViMGA
_bspa
_cCO-ViMGA
082 0 4 _a862 A771a
100 1 _aArrabal, Fernando
_924573
245 1 0 _aDos Sainetes
260 _aLeón (España),
_cEverest,
_c2000
300 _a64.p.
590 _aForma de adquisición : Premio - Mincultura
650 1 4 _aSAINETES MADRILEÑOS - SIGLO XVIII
_924574
650 1 4 _aTEATRO ESPAÑOL
_95746
942 _2ddc
_cBK
999 _c26844
_d26844